LEADER 02042nam 2200553 450 001 9910787839203321 005 20230803032310.0 010 $a0-8101-6635-6 035 $a(CKB)2670000000560573 035 $a(SSID)ssj0001036547 035 $a(PQKBManifestationID)11575439 035 $a(PQKBTitleCode)TC0001036547 035 $a(PQKBWorkID)11042056 035 $a(PQKB)10300552 035 $a(MiAaPQ)EBC5491109 035 $a(OCoLC)867739728 035 $a(MdBmJHUP)muse31162 035 $a(Au-PeEL)EBL5491109 035 $a(EXLCZ)992670000000560573 100 $a20180829d2013 uy 0 101 0 $aeng 135 $aurcnu|||||||| 181 $ctxt 182 $cc 183 $acr 200 10$aToxic voices $ethe villain from early Soviet literature to Socialist realism /$fEric Laursen 210 1$aEvanston, Illinois :$cNorthwestern University Press,$d2013. 215 $a1 online resource (xiii, 170 pages) 225 1 $aNorthwestern University Press studies in Russian literature and theory 300 $aBibliographic Level Mode of Issuance: Monograph 311 $a0-8101-2865-9 320 $aIncludes bibliographical references (pages 125-155) and index. 327 $aIntroduction: Scrounging in the Soviet garbage pit -- Writing a precarious balance -- He does not love us when we are dirty -- Things that should not be found -- Lost in translation -- Conclusion: Writers forward!. 410 0$aStudies in Russian literature and theory. 606 $aRussian literature$y20th century$xHistory and criticism 606 $aSocialist realism in literature 606 $aVillains in literature 615 0$aRussian literature$xHistory and criticism. 615 0$aSocialist realism in literature. 615 0$aVillains in literature. 676 $a891.7093580904 700 $aLaursen$b Eric$f1957-$01549126 801 0$bMiAaPQ 801 1$bMiAaPQ 801 2$bMiAaPQ 906 $aBOOK 912 $a9910787839203321 996 $aToxic voices$93806788 997 $aUNINA LEADER 01416nam0 22003491i 450 001 UON00231521 005 20231205103504.544 010 $a06-910722-4-8 100 $a20030730d1978 |0itac50 ba 101 $aeng$aGRC 102 $aUS 105 $a|||| ||||| 200 1 $a Aristotle's De Motu Animalium$fText with Translation, Commentary, and Interpretive Essays by Martha Craven Nussbaum 210 $aPrinceton$cPrinceton University Press$d1978 215 $aXXIII, 430 p.$d22 cm. 606 $aFISIOLOGIA ANIMALE$3UONC051173$2FI 606 $aZOOLOGIA$3UONC017423$2FI 620 $aUS$dPrinceton$3UONL000074 676 $a591.1852$cFisiologia animale. Sistema motorio$v20 700 0$aAristoteles$3UONV055787$04207 702 1$aNUSSBAUM$bMartha Craven$3UONV140350 712 $aPrinceton University Press$3UONV245813$4650 790 0$aARISTOTELE$zAristoteles$3UONV005797 790 0$aARASTU$zAristoteles$3UONV005800 790 0$aARISTOTELE : di#Stagira$zAristoteles$3UONV055789 790 0$aPSEUDO ARISTOTELE$zAristoteles$3UONV055790 801 $aIT$bSOL$c20250530$gRICA 899 $aSIBA - SISTEMA BIBLIOTECARIO DI ATENEO$2UONSI 912 $aUON00231521 950 $aSIBA - SISTEMA BIBLIOTECARIO DI ATENEO$dSI FS 02650 $eSI LO 15605 5 996 $aDe motu animalium$920019 997 $aUNIOR